000 00485nam a2200157 4500
999 _c7515
_d7515
008 170928b xxu||||| |||| 00| 0 eng d
022 _a01181831
082 _aDPer 613.05 H34 Jul-Nov 2013
100 _922785
_aDe Mesa, Karl.
245 _aMan of lightning, man of the hour/
_cKarl De Mesa.
260 _aPhilippines:
_bMIMS Pte Ltd KDN,
_c©2013.
300 _apages 42-48:
_billustrations;
_c28 cm.
500 _aHealth today.
650 0 _922786
_aLifestyle.
942 _2ddc
_cPER